Stations du Métro de Paris par lettre - H et I - Statistiques

Statistiques générales
  • Ce quiz a été pris 388 fois
    273 depuis la dernière actualisation
  • Le résultat moyen est 4 sur 6
Statistiques - réponses
Hint Réponse % Correct
1,11 Hôtel de Ville
84%
8,13 Invalides
79%
3,9 Havre - Caumartin
74%
9 Iéna
73%
5 Hoche
70%
14 Hôpital Bicêtre
48%
Aucun quiz correspondant
Distribution des résultats
% des personnes avec chaque résultat
Percentile par nombre de réponses
Votre historique - résultats
Vous n’avez pas pris ce quiz depuis la dernière actualisation